Combining artificial neural nets : ensemble and modular multi-net systems

Αποθηκεύτηκε σε:
Λεπτομέρειες βιβλιογραφικής εγγραφής
Άλλοι συγγραφείς: Sharkey, Amanda J. C., 1957- (edtf)
Μορφή: Βιβλίο
Γλώσσα:English
Δημοσίευση: London : Springer, c1999.
Σειρά:Perspectives in neural computing
Θέματα:
Ετικέτες: Προσθήκη ετικέτας
Δεν υπάρχουν, Καταχωρήστε ετικέτα πρώτοι!

MARC

LEADER 00000cam a2200000 i 4500
001 1/12769
008 001018s1999 enk| ||| |||| ||eng||
020 |a 185233004X 
035 |l 10064335 
040 |a GR-MyUA  |b gre  |e AACR2 
041 0 |a eng 
082 0 |a 006.32   |2 (21) 
245 1 0 |a Combining artificial neural nets :   |b ensemble and modular multi-net systems /   |c edited by Amanda J.C. Sharkey.  
260 |a London :   |b Springer,   |c c1999.  
300 |a xv, 298 σ. ;   |b εικ. ;   |c 24 εκ.  
490 1 |a (Perspectives in neural computing) 
504 |a Περιέχει βιβλιογραφικές αναφορές και ευρετήριο.  
650 0 0 |a Neural networks (Computer science) 
700 1 |a Sharkey, Amanda J. C.,   |d 1957-  |e edtf 
830 0 |a Perspectives in neural computing 
852 |a INST  |b SAMOS  |e 20001018  |h 006.32 COM  |p 005300018693  |q 005300018693  |t BK  |y 0 
852 |a INST  |b SAMOS  |e 20001018  |h 006.32 COM  |p 005300018694  |q 005300018694  |t BK  |y 0 
852 |a INST  |b SYROS  |e 20001018  |h 006.32 COM  |p 005500000199  |q 005500000199  |t BK  |y 0 
901 |a BIBL3-2000-3 
909 |a Σ  |b 079787 
909 |a Σ  |b 079788 
909 |a Ε  |b 079789 
922 |a 3ΕΛΗ  |b 200002  |c ΤΠΕΣ/ΠΟΛ  |d LEADER 
922 |a 5ΕΛΗ  |b 200002  |c ΤΠΕΣ/ΠΟΛ  |d LEADER 
970 |a ΜΑΛΑΓΑΡΗ  |b ΦΩΤΕΙΝΗ  |z 2000/10/18